Soluciones salvadoras para un recíproco entendimiento. (Registro nro. 611)

Detalles MARC
000 -LEADER
campo de control de longitud fija 00909nam a22002177a 4500
001 - NÚMERO DE CONTROL
campo de control EIF-X-2019-M2-001
003 - IDENTIFICADOR DE NÚMERO DE CONTROL
campo de control OSt
005 - FECHA Y HORA DE LA ÚLTIMA TRANSACCIÓN
campo de control 20221229133540.0
008 - DATOS DE LONGITUD FIJA--INFORMACIÓN GENERAL
campo de control de longitud fija 221229b |||||||| |||| 00| 0 eng d
040 ## - FUENTE DE CATALOGACIÓN
Centro catalogador/agencia de origen Fundación Jesús Pereda
Centro/agencia transcriptor Fundación Jesús Pereda
041 ## - CÓDIGO DE IDIOMA
Código de lengua del texto/banda sonora o título independiente Castellano
100 ## - ENTRADA PRINCIPAL--NOMBRE DE PERSONA
Filiación Universidad de Salamanca
Nombre de persona Figueredo Cabrera, Katia
9 (RLIN) 853
111 ## - ENTRADA PRINCIPAL--NOMBRE DE CONGRESO/REUNIÓN
Nombre de congreso/reunión o jurisdicción como elemento de entrada Encuentro de Investigadores del Franquismo
Sede del congreso/Lugar de la reunión (Valencia.
Fecha del congreso o de la firma del tratado 2019.
Número del congreso/reunión o número de parte o sección 10º)
9 (RLIN) 102
245 ## - MENCIÓN DEL TÍTULO
Título Soluciones salvadoras para un recíproco entendimiento.
Resto del título Cuba y la España franquista,
Fechas extremas/inclusivas 1945-1959
Mención de responsabilidad, etc. /Katia Figueredo Cabrera
650 #0 - PUNTO DE ACCESO ADICIONAL DE MATERIA--TÉRMINO DE MATERIA
9 (RLIN) 608
Término de materia o nombre geográfico como elemento de entrada Servicio diplomático y consular
651 #0 - PUNTO DE ACCESO ADICIONAL DE MATERIA--NOMBRE GEOGRÁFICO
9 (RLIN) 854
Nombre geográfico Cuba
651 #0 - PUNTO DE ACCESO ADICIONAL DE MATERIA--NOMBRE GEOGRÁFICO
9 (RLIN) 670
Nombre geográfico España
773 ## - ASIENTO DE ITEM FUENTE
Título <a href="Actas del X Encuentro de Investigadores del Franquismo">Actas del X Encuentro de Investigadores del Franquismo</a>
Parte(s) relacionada(s) 159-173 p.
856 ## - LOCALIZACIÓN Y ACCESO ELECTRÓNICOS
Identificador Uniforme de Recursos <a href="https://bibliotecaccoocyl.fundacionjesuspereda.es/cgi-bin/koha/opac-retrieve-file.pl?id=fcbcbefd9013cf06c6a15d952a4456b4">https://bibliotecaccoocyl.fundacionjesuspereda.es/cgi-bin/koha/opac-retrieve-file.pl?id=fcbcbefd9013cf06c6a15d952a4456b4</a>
942 ## - ELEMENTOS DE ENTRADA SECUNDARIOS (KOHA)
Fuente del sistema de clasificación o colocación Clasificación Decimal Dewey
Tipo de ítem Koha Archivo de computadora
Suprimir en OPAC No

No hay ítems disponibles.

Página web subvencionada totalmente por la Consejería de Cultura y Turismo de la Junta de Castilla y León

Con tecnología Koha